Special engines / (Record no. 3560)

MARC details
000 -LEADER
fixed length control field 01365cam a22002774a 4500
005 - DATE AND TIME OF LATEST TRANSACTION
control field 20250521094236.0
020 ## - INTERNATIONAL STANDARD BOOK NUMBER
International Standard Book Number 0769633765
040 ## - CATALOGING SOURCE
Original cataloging agency DLC
Transcribing agency DLC
Modifying agency DLC
Language of cataloging eng
050 00 - LIBRARY OF CONGRESS CALL NUMBER
Classification number TH9372.S745
Item number 2004
082 00 - DEWEY DECIMAL CLASSIFICATION NUMBER
Classification number 629.225
100 1# - MAIN ENTRY--PERSONAL NAME
Personal name Stickland, Paul
245 10 - TITLE STATEMENT
Title Special engines /
Statement of responsibility, etc. Paul Stickland
250 ## - EDITION STATEMENT
Edition statement This edtion published in the United States of America in 2004
260 ## - PUBLICATION, DISTRIBUTION, ETC.
Place of publication, distribution, etc. Colubus :
Name of publisher, distributor, etc. Waterbird Books ,
Date of publication, distribution, etc. 2004
300 ## - PHYSICAL DESCRIPTION
Extent 24 unnumbered pages :
Other physical details color illustrations ;
Dimensions 21 cm.
505 ## - FORMATTED CONTENTS NOTE
Formatted contents note H <br/>
520 ## - SUMMARY, ETC.
Summary, etc. Perfect for children who are fascinated by vehicles!Children who are interested in all kinds of vehicles will enjoy the Working Wheels series. The Working Wheels titles detail a variety of "on-the-job" vehicles, such as ambulances, moving vans, tractors, and construction trucks. A simple definition and colorful illustration introduce each vehicle, followed by explanations of unique features and uses. The Working Wheels series is perfect for enjoying at home and for enhancing concepts learned at preschool!
521 ## - TARGET AUDIENCE NOTE
Target audience note 430 <br/><br/>
Source Lexile estimate <br/>
521 ## - TARGET AUDIENCE NOTE
Target audience note H <br/>
Source Raz-Plus <br/>
650 #0 - SUBJECT ADDED ENTRY--TOPICAL TERM
Topical term or geographic name entry element Fire engines
Form subdivision Juvenile literature
650 #0 - SUBJECT ADDED ENTRY--TOPICAL TERM
Topical term or geographic name entry element Trucks
Form subdivision Juvenile literature
650 #0 - SUBJECT ADDED ENTRY--TOPICAL TERM
Topical term or geographic name entry element Emergency vehicles
Form subdivision Juvenile literature
906 ## - LOCAL DATA ELEMENT F, LDF (RLIN)
a 7
b cbc
c orignew
d 1
e ocip
f 20
g y-gencatlg
942 ## - ADDED ENTRY ELEMENTS (KOHA)
Source of classification or shelving scheme Dewey Decimal Classification
Koha item type Books
Suppress in OPAC No
999 ## -
-- 3560
-- 3560
Holdings
Withdrawn status Lost status Source of classification or shelving scheme Damaged status Not for loan Collection Home library Current library Shelving location Date acquired Total Checkouts Full call number Barcode Date last seen Price effective from Koha item type Copy number
    Dewey Decimal Classification     Non-Fiction Footprints International School Library Network Toul Tom Poung Campus Footprints International School Library Network Toul Tom Poung Campus TTP Primary Dark Blue Bookshelves 03/20/2024   STI 629.225 TH9372.S745 FISTK00834 03/20/2024 03/20/2024 Books  
    Dewey Decimal Classification     Non-Fiction Footprints International School Library Network Toul Tom Poung Campus Footprints International School Library Network Toul Tom Poung Campus TTP Primary Dark Blue Bookshelves 05/21/2025   STI 629.225 TH9372.S745 2025-1346 05/21/2025 05/21/2025 Books 2